| 000 | 00357nam a2200145Ia 4500 | ||
|---|---|---|---|
| 005 | 20251222151323.0 | ||
| 008 | 251222s9999||||xx |||||||||||||| ||spa|| | ||
| 020 | _a8423416879 | ||
| 082 | _a658.045/L54 | ||
| 100 | _aLe Van, Gerald | ||
| 245 | 0 | _aGuía para la Supervivencia de la Empresa Familiar | |
| 250 | _a1ra.ed. | ||
| 264 | _bDeusto | ||
| 942 | _cLIB | ||
| 999 |
_c23799 _d23799 |
||